| 000 | 00596nam a2200145Ia 4500 | ||
|---|---|---|---|
| 008 | 170221s9999 xx 000 0 und d | ||
| 100 | _aElena Vladimirovna Vostretsova | ||
| 245 | _aAbout the Experience in the Implementation of Joint Educational Programs at the Ural Federal University | ||
| 245 | _cElena Vladimirovna Vostretsova, Olga Arkadievna Ignatchenko, Elena Vladimirovna Satybaldina | ||
| 260 | _bInternational Review of Management and Marketing | ||
| 260 | _c2016 | ||
| 300 | _a15 : 22 | ||
| 650 | _xMarketing. | ||
| 856 | _uhttp://www.econjournals.com/index.php/irmm/issue/view/75 | ||
| 999 |
_c311888 _d311888 |
||